000
00239nam a2200097Ia 4500
001
689807
005
20250826161804.0
008
250824s9999 xx 000 0 und d
245
0
_a
SIRGAH
_c
ZÜLFÜ LİVANELİ
260
_b
HAYY KİTAP YAYINLARI
999
_c
689807
_d
689807